Dizionario etimologico italiano

Shranjeno v:
Bibliografske podrobnosti
Glavni avtor: Olivieri, Dante (autore)
Format: Knjiga
Jezik:italijanščina
Izdano: Milán Ceschina 1953
Serija:Biblioteca italiana di opere di consultazione
Teme:
Oznake: Označite
Brez oznak, prvi označite!

MARC

LEADER 00000nam a2200000 a 4500
001 UCT3435
003 CL-VaPUC
008 961024e19530000IT |||||||||||||||||ita|d
082 0 4 |a 452  |b OLI  |2 21 
100 |a Olivieri, Dante  |e autore  |9 372372 
245 1 0 |a Dizionario etimologico italiano 
300 |a 811 p 
942 |c BK 
945 |d 19961024 00:00:00  |a lriquelm 
260 |a Milán  |b Ceschina  |c 1953 
650 0 |a Diccionarios  |9 256200 
650 0 |a Etimología  |9 337976 
650 0 |a Lingüística  |9 265068 
650 7 |a TERMINOLOGIA  |2 CL-VaPUC  |9 254881 
650 0 |a Italiano  |9 344614 
650 0 |a Glosarios  |9 261047 
583 |a last modification  |c 19961024 00:00:00  |k Rodrigo Vera 
490 0 |a Biblioteca italiana di opere di consultazione 
999 |c 253087  |d 253085 
952 |0 0  |1 0  |4 0  |6 452_000000000000000_OLI_1953  |7 0  |8 X  |9 273576  |a BIBCUR  |b BIBCUR  |d 2019-11-19  |i 1770977  |o 452 OLI 1953  |p 1770977  |r 2025-04-22  |w 2019-11-19  |y BK_X  |k BCB